| 000 | 00522nam a2200193Ia 4500 | ||
|---|---|---|---|
| 005 | 20250326144848.0 | ||
| 008 | 250326s9999 xx 000 0 und d | ||
| 020 | _a1-4221-0250-5 | ||
| 037 | _aTextbook | ||
| 040 |
_aFMSL _beng _cFMSL |
||
| 041 |
_aeng _2eng |
||
| 084 |
_aX:8 P7 _qFMSL |
||
| 100 |
_aHamel Gary _9243868 |
||
| 245 | 0 |
_aFuture of management _cHamel Gary |
|
| 260 |
_aBoston _bBoston, Harvard business school _c2007 |
||
| 300 | _axiv,272 | ||
| 942 |
_cTB _hX:8 P7 |
||
| 999 |
_c1305358 _d1305358 |
||